[Event "BL2-Ost 0506"]
[Site "Germany"]
[Date "2006.02.19"]
[Round "7.4"]
[White "Stettler, Michael"]
[Black "Markos, Jan"]
[Result "1/2-1/2"]
[WhiteElo "2263"]
[BlackElo "2495"]
[PlyCount "44"]
[EventDate "2005.10.23"]
[EventType "team-tourn"]
[EventRounds "9"]
[EventCountry "GER"]
[SourceTitle "EXT 2007"]
[Source "ChessBase"]
[SourceDate "2006.11.23"]
[SourceVersion "1"]
[SourceVersionDate "2006.11.23"]
[SourceQuality "1"]
[WhiteTeam "Leipzig Lok Mitte"]
[BlackTeam "Bindlach"]
[WhiteTeamCountry "GER"]
[BlackTeamCountry "GER"]

1. d4 Nf6 2. Nf3 e6 3. c4 b6 4. Nc3 Bb4 5. Bd2 0-0 6. e3 a5 7. Bd3 d5 8. 0-0 dxc4 9. Bxc4 Bb7 10. a3 Bxc3 11. Bxc3 Ne4 12. Rc1 Qf6 13. Qe2 Nd7 14. Rfd1 Rfd8 15. d5 Nxc3 16. Rxc3 e5 17. e4 a4 18. Ne1 Nc5 19. Nd3 Ra5 20. Rdc1 c6 21. Nxc5 Rxc5 22. dxc6 Qxc6 1/2-1/2

[Event "BL2-Ost 0506"]
[Site "Germany"]
[Date "2005.12.11"]
[Round "4.5"]
[White "Stettler, Michael"]
[Black "Hiermann, Dietmar"]
[Result "1-0"]
[WhiteElo "2263"]
[BlackElo "2227"]
[PlyCount "69"]
[EventDate "2005.10.23"]
[EventType "team-tourn"]
[EventRounds "9"]
[EventCountry "GER"]
[SourceTitle "EXT 2007"]
[Source "ChessBase"]
[SourceDate "2006.11.23"]
[SourceVersion "1"]
[SourceVersionDate "2006.11.23"]
[SourceQuality "1"]
[WhiteTeam "Leipzig Lok Mitte"]
[BlackTeam "Passau"]
[WhiteTeamCountry "GER"]
[BlackTeamCountry "GER"]

1. d4 b6 2. c4 e6 3. Nc3 Bb4 4. Bd2 Bb7 5. e3 f5 6. Nf3 Nf6 7. a3 Bxc3 8. Bxc3 Ne4 9. Rc1 0-0 10. d5 Nxc3 11. Rxc3 Qf6 12. Be2 e5 13. c5 Na6 14. c6 dxc6 15. dxc6 Bc8 16. Qd5+ Be6 17. Qxe5 Nc5 18. Qxf6 Rxf6 19. Nd4 Bd5 20. 0-0 Ne6 21. Nxe6 Bxe6 22. Rd1 Kf8 23. Bc4 Ke8 24. b4 Bxc4 25. Rxc4 b5 26. Rc5 a6 27. g3 g6 28. Rd7 Rf7 29. Rcd5 Ra7 30. Kg2 h6 31. h4 h5 32. Kf3 Rf6 33. Rd8+ Ke7 34. R5d7+ Ke6 35. Re8# 1-0

[Event "BL2-Ost 0405"]
[Site "Germany"]
[Date "2004.10.23"]
[Round "5.5"]
[White "Rupprecht, Andreas"]
[Black "Stettler, Michael"]
[Result "1-0"]
[WhiteElo "2329"]
[BlackElo "2277"]
[PlyCount "57"]
[EventDate "2004.10.24"]
[EventType "team-tourn"]
[EventRounds "9"]
[EventCountry "GER"]
[SourceTitle "EXT 2007"]
[Source "ChessBase"]
[SourceDate "2006.11.23"]
[SourceVersion "1"]
[SourceVersionDate "2006.11.23"]
[SourceQuality "1"]
[WhiteTeam "Forchheim"]
[BlackTeam "Leipzig Mitte"]
[WhiteTeamCountry "GER"]
[BlackTeamCountry "GER"]

1. e4 c6 2. d4 d5 3. exd5 cxd5 4. c4 Nf6 5. Nc3 e6 6. Nf3 Be7 7. cxd5 Nxd5 8. Bd3 Nc6 9. 0-0 0-0 10. Re1 Nf6 11. a3 b6 12. Bc2 Ba6 13. Bg5 Rc8 14. Qd2 Na5 15. Qf4 Bb7 16. Qh4 g6 17. Be4 Re8 18. Bxb7 Nxb7 19. d5 Nh5 20. dxe6 f6 21. Be3 Nd6 22. Rad1 Qc7 23. Nd5 Qb7 24. Qa4 Red8 25. Qb3 Ng7 26. Nxf6+ Bxf6 27. e7+ Kh8 28. exd8Q+ Rxd8 29. Bf4 1-0

[Event "Oberliga Ost-A 0304"]
[Site "Germany"]
[Date "2004.04.25"]
[Round "11.3"]
[White "Packroff, Hermann"]
[Black "Stettler, Michael"]
[Result "1/2-1/2"]
[WhiteElo "2218"]
[BlackElo "2277"]
[PlyCount "37"]
[EventDate "2003.11.02"]
[EventType "team-tourn"]
[EventRounds "11"]
[EventCountry "GER"]
[SourceTitle "EXT 2005"]
[Source "ChessBase"]
[SourceDate "2004.11.15"]
[SourceVersion "1"]
[SourceVersionDate "2004.11.15"]
[SourceQuality "1"]
[WhiteTeam "Naumburg"]
[BlackTeam "Leipzig Lok"]
[WhiteTeamCountry "GER"]
[BlackTeamCountry "GER"]

1. e4 c6 2. d4 d5 3. Nc3 dxe4 4. Nxe4 Nd7 5. Nf3 Ngf6 6. Nxf6+ Nxf6 7. Ne5 Be6 8. Be2 g6 9. 0-0 Bg7 10. c4 0-0 11. Be3 Ne4 12. Qc1 Nd6 13. Rd1 Nf5 14. Nf3 Nxe3 15. Qxe3 Qb6 16. Rd2 Rad8 17. Rad1 Bg4 18. h3 Bxf3 19. Bxf3 1/2-1/2

[Event "Oberliga Ost-A 0304"]
[Site "Germany"]
[Date "2004.03.28"]
[Round "9.3"]
[White "Schnabel, Ralf"]
[Black "Stettler, Michael"]
[Result "1/2-1/2"]
[WhiteElo "2238"]
[BlackElo "2277"]
[PlyCount "20"]
[EventDate "2003.11.02"]
[EventType "team-tourn"]
[EventRounds "11"]
[EventCountry "GER"]
[SourceTitle "EXT 2005"]
[Source "ChessBase"]
[SourceDate "2004.11.15"]
[SourceVersion "1"]
[SourceVersionDate "2004.11.15"]
[SourceQuality "1"]
[WhiteTeam "Aue Nickelhuette"]
[BlackTeam "Leipzig Lok"]
[WhiteTeamCountry "GER"]
[BlackTeamCountry "GER"]

1. d4 Nf6 2. Nf3 c5 3. g3 e6 4. Bg2 Nc6 5. 0-0 d5 6. b3 cxd4 7. Nxd4 Bc5 8. Nxc6 bxc6 9. c4 0-0 10. Bb2 Bb7 1/2-1/2

[Event "Oberliga Ost-A 0304"]
[Site "Germany"]
[Date "2004.02.14"]
[Round "6.3"]
[White "Stettler, Michael"]
[Black "Teumer, Joerg"]
[Result "1-0"]
[WhiteElo "2277"]
[BlackElo "2144"]
[PlyCount "167"]
[EventDate "2003.11.02"]
[EventType "team-tourn"]
[EventRounds "11"]
[EventCountry "GER"]
[SourceTitle "EXT 2005"]
[Source "ChessBase"]
[SourceDate "2004.11.15"]
[SourceVersion "1"]
[SourceVersionDate "2004.11.15"]
[SourceQuality "1"]
[WhiteTeam "Leipzig Lok"]
[BlackTeam "Dresden SC II"]
[WhiteTeamCountry "GER"]
[BlackTeamCountry "GER"]

1. d4 Nf6 2. c4 e6 3. Nc3 Bb4 4. e3 c5 5. Bd2 Bxc3 6. Bxc3 Ne4 7. Rc1 Nxc3 8. Rxc3 0-0 9. Nf3 d6 10. Be2 Nd7 11. 0-0 Nf6 12. dxc5 dxc5 13. Qxd8 Rxd8 14. Ne5 Kf8 15. Bf3 Rb8 16. Rb3 Rd6 17. Nc6 Ra8 18. Na5 Rb6 19. Bxb7 Bxb7 20. Nxb7 Rc8 21. Rd1 Ke7 22. Na5 Rc7 23. Rxb6 axb6 24. Nb3 Ra7 25. a3 Ne4 26. f3 Nd6 27. Rc1 Rd7 28. Kf2 Rd8 29. Ke2 Rd7 30. Rc2 Rd8 31. Rc3 Kd7 32. Nc1 Kc6 33. Nd3 f6 34. Rc2 Ra8 35. Ne1 Rd8 36. Nd3 Ra8 37. Ne1 Rd8 38. Rc3 Rd7 39. Nc2 Ra7 40. Kd3 Ra8 41. Kd2 Rd8 42. Kc1 Nf5 43. g3 Nd6 44. b4 Ra8 45. Kb2 Rd8 46. Ne1 Rd7 47. Kb3 Nf5 48. b5+ Kc7 49. Kc2 Nd6 50. Nd3 Rd8 51. Nf4 Re8 52. a4 Nb7 53. Rd3 Re7 54. Kc3 Re8 55. h4 g6 56. Rd2 Re7 57. g4 Re8 58. g5 fxg5 59. hxg5 Nd6 60. Nd3 e5 61. a5 e4 62. axb6+ Kxb6 63. Nf4 Nf5 64. Nd5+ Kb7 65. f4 Ng3 66. Rg2 Nh5 67. Ra2 Ng3 68. Ra6 Nf5 69. Rb6+ Ka7 70. Rc6 Kb7 71. Rc7+ Kb8 72. Rxc5 Rd8 73. Kb4 Rd7 74. b6 Nd6 75. Rc7 Rd8 76. Rxh7 Nb7 77. Rg7 Rd6 78. Re7 Nd8 79. Rxe4 Rd7 80. Re8 Kb7 81. Kb5 Nc6 82. e4 Rxd5+ 83. cxd5 Nd4+ 84. Kc4 1-0

[Event "Oberliga Ost-A 0304"]
[Site "Germany"]
[Date "2003.12.14"]
[Round "4.2"]
[White "Niering, Martin"]
[Black "Stettler, Michael"]
[Result "0-1"]
[WhiteElo "2221"]
[BlackElo "2277"]
[PlyCount "92"]
[EventDate "2003.11.02"]
[EventType "team-tourn"]
[EventRounds "11"]
[EventCountry "GER"]
[SourceTitle "EXT 2005"]
[Source "ChessBase"]
[SourceDate "2004.11.15"]
[SourceVersion "1"]
[SourceVersionDate "2004.11.15"]
[SourceQuality "1"]
[WhiteTeam "Magdeburg Rochade"]
[BlackTeam "Leipzig Lok"]
[WhiteTeamCountry "GER"]
[BlackTeamCountry "GER"]

1. e4 c6 2. d4 d5 3. Nc3 dxe4 4. Nxe4 Nd7 5. Bc4 Ngf6 6. Ng5 e6 7. Qe2 Nb6 8. Bd3 h6 9. N5f3 c5 10. dxc5 Bxc5 11. Ne5 Nbd7 12. Ngf3 Qc7 13. Bd2 Nxe5 14. Nxe5 Bxf2+ 15. Kxf2 Qxe5 16. Qxe5 Ng4+ 17. Ke2 Nxe5 18. Bb4 Bd7 19. c4 Bc6 20. Bc3 Nxd3 21. Kxd3 Rd8+ 22. Ke3 f6 23. Rhd1 Kf7 24. g3 e5 25. Ba5 b6 26. Bc3 Ke6 27. a4 f5 28. a5 b5 29. cxb5 Bxb5 30. a6 g5 31. Bb4 f4+ 32. Kf2 e4 33. gxf4 gxf4 34. Rg1 Rhg8 35. Rad1 Rxd1 36. Rxd1 Bd3 37. Rc1 Rb8 38. Bc3 Kf5 39. Ra1 e3+ 40. Kf3 Be4+ 41. Ke2 Bc6 42. Ra5+ Rb5 43. Ra1 Rd5 44. Rg1 Ke4 45. Rg4 Bb5+ 46. Ke1 Kf3 0-1

[Event "BL2-Ost 0203"]
[Site "Germany"]
[Date "2003.03.30"]
[Round "9.5"]
[White "Troyke, Doreen"]
[Black "Stettler, Michael"]
[Result "0-1"]
[WhiteElo "2076"]
[BlackElo "2286"]
[PlyCount "62"]
[EventDate "2002.10.20"]
[EventType "team-tourn"]
[EventRounds "9"]
[EventCountry "GER"]
[SourceTitle "EXT 2004"]
[Source "ChessBase"]
[SourceDate "2003.11.25"]
[SourceVersion "1"]
[SourceVersionDate "2003.11.25"]
[SourceQuality "1"]
[WhiteTeam "Erfurt SK II"]
[BlackTeam "Leipzig Lok Mitte"]
[WhiteTeamCountry "GER"]
[BlackTeamCountry "GER"]

1. d4 Nf6 2. c4 e6 3. Nc3 d5 4. Nf3 Nbd7 5. e3 Be7 6. cxd5 exd5 7. Bd3 0-0 8. 0-0 Re8 9. Re1 c6 10. Rb1 Nf8 11. h3 Bd6 12. e4 dxe4 13. Nxe4 Nxe4 14. Rxe4 Be6 15. b3 Bd5 16. Rxe8 Qxe8 17. Be3 Qe7 18. Nd2 b5 19. Qh5 a6 20. Nf3 g6 21. Qg5 f6 22. Qh6 Ne6 23. Rc1 Qf7 24. Nd2 f5 25. g3 Qf6 26. g4 f4 27. Ne4 Bxe4 28. Bxe4 Bf8 29. g5 Nxg5 30. Rxc6 Bxh6 31. Rxf6 Nxe4 0-1

[Event "BL2-Ost 0203"]
[Site "Germany"]
[Date "2003.02.23"]
[Round "7.5"]
[White "Huemmer, Bernd"]
[Black "Stettler, Michael"]
[Result "1/2-1/2"]
[WhiteElo "2243"]
[BlackElo "2286"]
[PlyCount "25"]
[EventDate "2002.10.20"]
[EventType "team-tourn"]
[EventRounds "9"]
[EventCountry "GER"]
[SourceTitle "EXT 2004"]
[Source "ChessBase"]
[SourceDate "2003.11.25"]
[SourceVersion "1"]
[SourceVersionDate "2003.11.25"]
[SourceQuality "1"]
[WhiteTeam "Bamberg"]
[BlackTeam "Leipzig Lok Mitte"]
[WhiteTeamCountry "GER"]
[BlackTeamCountry "GER"]

1. d4 Nf6 2. Bg5 d5 3. c3 Nbd7 4. Nf3 Ne4 5. Bf4 c6 6. Nbd2 Ndf6 7. e3 Bf5 8. Be2 Nxd2 9. Nxd2 e6 10. Qb3 Qb6 11. 0-0 Be7 12. h3 0-0 13. Rfe1 1/2-1/2

[Event "BL2-Ost 0203"]
[Site "Germany"]
[Date "2003.01.26"]
[Round "5.6"]
[White "Stettler, Michael"]
[Black "Wegener, Dirk"]
[Result "0-1"]
[WhiteElo "2286"]
[BlackElo "2324"]
[PlyCount "86"]
[EventDate "2002.10.20"]
[EventType "team-tourn"]
[EventRounds "9"]
[EventCountry "GER"]
[SourceTitle "EXT 2004"]
[Source "ChessBase"]
[SourceDate "2003.11.25"]
[SourceVersion "1"]
[SourceVersionDate "2003.11.25"]
[SourceQuality "1"]
[WhiteTeam "Leipzig Lok Mitte"]
[BlackTeam "Dresden SC"]
[WhiteTeamCountry "GER"]
[BlackTeamCountry "GER"]

1. d4 Nf6 2. c4 g6 3. Nc3 Bg7 4. e4 d6 5. Be2 0-0 6. Bg5 Na6 7. h4 e5 8. d5 c6 9. h5 cxd5 10. cxd5 Bd7 11. h6 Bh8 12. Nf3 Qa5 13. Nd2 Nc5 14. Qb1 Na4 15. Nxa4 Qxa4 16. 0-0 Rfc8 17. b3 Qa5 18. Nc4 Qc7 19. a4 Ne8 20. Bd3 Bf6 21. Be3 Qd8 22. Qc1 Qe7 23. Qd2 Nc7 24. Qb4 b5 25. axb5 Nxb5 26. Nb6 axb6 27. Rxa8 Rxa8 28. Bxb5 Bxb5 29. Qxb5 Rb8 30. Ra1 Qb7 31. Ra6 Rd8 32. Rxb6 Qc8 33. Rc6 Qg4 34. Qd3 Bg5 35. Bb6 Ra8 36. Qh3 Ra1+ 37. Kh2 Bf4+ 38. g3 Rh1+ 39. Kxh1 Qxh3+ 40. Kg1 Bxh6 41. Rxd6 Bg5 42. Rc6 Qg4 43. Rc4 h5 0-1

[Event "BL2-Ost 0102"]
[Site "Germany"]
[Date "2002.03.17"]
[Round "7.5"]
[White "Roos, Michael"]
[Black "Stettler, Michael"]
[Result "1-0"]
[WhiteElo "2294"]
[BlackElo "2291"]
[PlyCount "113"]
[EventDate "2001.10.07"]
[EventType "team-tourn"]
[EventRounds "9"]
[EventCountry "GER"]
[SourceTitle "CBM 088 Extra"]
[Source "ChessBase"]
[SourceDate "2002.07.01"]
[SourceVersion "2"]
[SourceVersionDate "2002.07.01"]
[SourceQuality "1"]
[WhiteTeam "Dresden SC"]
[BlackTeam "Leipzig Mitte"]
[WhiteTeamCountry "GER"]
[BlackTeamCountry "GER"]

1. e4 c5 2. d3 e6 3. g3 d5 4. Qe2 dxe4 5. dxe4 b6 6. c3 Ba6 7. Qc2 Bxf1 8. Kxf1 Nc6 9. Nf3 Nge7 10. Kg2 g6 11. Na3 Bg7 12. Rd1 Qc8 13. Nc4 0-0 14. Qa4 Rd8 15. Bf4 Rxd1 16. Rxd1 h6 17. h4 Qe8 18. Bc7 Qc8 19. Bd6 Bf8 20. Qb5 Qe8 21. Rd2 Nc8 22. Bxf8 Kxf8 23. Qa6 Qe7 24. a4 Qc7 25. Na3 Rb8 26. Qd3 Rb7 27. Qe3 Kg7 28. Nc4 a6 29. e5 N8e7 30. Nd6 Rb8 31. h5 Nf5 32. Qe4 Rd8 33. hxg6 fxg6 34. Nh4 Nce7 35. Nhxf5+ gxf5 36. Qh4 Rf8 37. Qf6+ Rxf6 38. Ne8+ Kf7 39. Nxc7 Rg6 40. Rd6 f4 41. Rxb6 fxg3 42. fxg3 Nf5 43. Nxa6 Nxg3 44. Rb7+ Kg8 45. a5 h5 46. Nc7 Ne4+ 47. Kf3 Nd2+ 48. Ke2 Rg2+ 49. Kd3 Nf3 50. a6 Nxe5+ 51. Ke3 Nc6 52. Rb6 Na7 53. Kf3 Rd2 54. Nxe6 c4 55. Rb7 Rd6 56. Nc7 Nc6 57. a7 1-0

[Event "BL2-Ost 0102"]
[Site "Germany"]
[Date "2002.01.20"]
[Round "4.5"]
[White "Stettler, Michael"]
[Black "Bartsch, Berthold"]
[Result "0-1"]
[WhiteElo "2291"]
[BlackElo "2324"]
[PlyCount "79"]
[EventDate "2001.10.07"]
[EventType "team-tourn"]
[EventRounds "9"]
[EventCountry "GER"]
[SourceTitle "CBM 088 Extra"]
[Source "ChessBase"]
[SourceDate "2002.07.01"]
[SourceVersion "2"]
[SourceVersionDate "2002.07.01"]
[SourceQuality "1"]
[WhiteTeam "Leipzig Mitte"]
[BlackTeam "Forchheim"]
[WhiteTeamCountry "GER"]
[BlackTeamCountry "GER"]

1. d4 Nf6 2. c4 e5 3. dxe5 Ng4 4. Bf4 Nc6 5. Nf3 Bb4+ 6. Nbd2 Qe7 7. e3 Ngxe5 8. Nxe5 Nxe5 9. Be2 0-0 10. a3 Bxd2+ 11. Qxd2 d6 12. 0-0 b6 13. Rac1 Bb7 14. b4 Nd7 15. Bd3 g6 16. e4 a5 17. b5 Rfe8 18. f3 Qf6 19. Bg5 Qe5 20. Bf4 Qf6 21. Bg5 Qh8 22. Be3 Re7 23. Bc2 Rae8 24. Bd4 f6 25. Qc3 Qg7 26. Rcd1 Ne5 27. Rde1 Bc8 28. f4 Nd7 29. Re3 Bb7 30. Rfe1 Qh6 31. g3 Qg7 32. R1e2 Kh8 33. h4 h6 34. Qb2 Kg8 35. Kf1 Kf7 36. Ke1 g5 37. hxg5 hxg5 38. Kd2 Qh6 39. f5 Qh5 40. Kd3 0-1

[Event "BL2-Ost 0102"]
[Site "Germany"]
[Date "2001.11.11"]
[Round "2.5"]
[White "Stettler, Michael"]
[Black "Kyas, Juergen"]
[Result "1/2-1/2"]
[WhiteElo "2291"]
[BlackElo "2245"]
[PlyCount "55"]
[EventDate "2001.10.07"]
[EventType "team-tourn"]
[EventRounds "9"]
[EventCountry "GER"]
[SourceTitle "CBM 088 Extra"]
[Source "ChessBase"]
[SourceDate "2002.07.01"]
[SourceVersion "2"]
[SourceVersionDate "2002.07.01"]
[SourceQuality "1"]
[WhiteTeam "Leipzig Mitte"]
[BlackTeam "Chemnitz"]
[WhiteTeamCountry "GER"]
[BlackTeamCountry "GER"]

1. Nf3 c5 2. c4 Nf6 3. d4 cxd4 4. Nxd4 b6 5. Nc3 Bb7 6. f3 d6 7. e4 e6 8. Be3 Be7 9. Bd3 0-0 10. 0-0 Nbd7 11. Qd2 Ne5 12. Rfd1 Rc8 13. b3 Nxd3 14. Qxd3 a6 15. Rac1 Qc7 16. Qe2 Rfe8 17. Qf2 Ba8 18. Nde2 Rb8 19. Rd2 Red8 20. Bf4 Nh5 21. Be3 Nf6 22. Kh1 Rdc8 23. Rdd1 Rd8 24. h3 Nd7 25. Qg3 Nf6 26. Qf2 Nd7 27. Qg3 Nf6 28. Qf2 1/2-1/2

[Event "BL2-Ost 0001"]
[Site "Germany"]
[Date "2001.02.18"]
[Round "6.1"]
[White "Stettler, Michael"]
[Black "Oral, Tomas"]
[Result "0-1"]
[WhiteElo "2320"]
[BlackElo "2531"]
[PlyCount "76"]
[EventDate "2000.10.15"]
[EventType "team-tourn"]
[EventRounds "9"]
[EventCountry "GER"]
[SourceTitle "CBM 082 Extra"]
[Source "ChessBase"]
[SourceDate "2001.07.03"]
[SourceVersion "1"]
[SourceVersionDate "2001.07.03"]
[SourceQuality "1"]
[WhiteTeam "Leipzig Lok Mitte"]
[BlackTeam "Wuerzburg"]
[WhiteTeamCountry "GER"]
[BlackTeamCountry "GER"]

1. d4 Nf6 2. c4 g6 3. Nc3 d5 4. cxd5 Nxd5 5. e4 Nxc3 6. bxc3 Bg7 7. Be3 c5 8. Qd2 Qa5 9. Rb1 b6 10. Bb5+ Bd7 11. Bd3 Nc6 12. Ne2 0-0 13. dxc5 bxc5 14. Rb5 Qa4 15. Bxc5 Ne5 16. Rb4 Nxd3+ 17. Qxd3 Qxa2 18. Bxe7 a5 19. Rb7 Rfb8 20. Rxb8+ Rxb8 21. Nc1 Qe6 22. Bc5 Bb5 23. Qe3 Rc8 24. f3 Qc4 25. Bb6 Bxc3+ 26. Kf2 a4 27. Rd1 a3 28. Kg3 a2 29. Nxa2 Qxa2 30. Rc1 Be5+ 31. f4 Rxc1 32. Qxc1 Qb3+ 33. Be3 Bd4 34. Kf2 Bxe3+ 35. Qxe3 Qxe3+ 36. Kxe3 h5 37. g3 Kf8 38. e5 Ke7 0-1

[Event "BL2-Ost 0001"]
[Site "Germany"]
[Date "2001.01.07"]
[Round "4.3"]
[White "Goldberg, Alexander"]
[Black "Stettler, Michael"]
[Result "1-0"]
[WhiteElo "2386"]
[BlackElo "2320"]
[PlyCount "53"]
[EventDate "2000.10.15"]
[EventType "team-tourn"]
[EventRounds "9"]
[EventCountry "GER"]
[SourceTitle "CBM 082 Extra"]
[Source "ChessBase"]
[SourceDate "2001.07.03"]
[SourceVersion "1"]
[SourceVersionDate "2001.07.03"]
[SourceQuality "1"]
[WhiteTeam "Dresden"]
[BlackTeam "Leipzig Lok Mitte"]
[WhiteTeamCountry "GER"]
[BlackTeamCountry "GER"]

1. e4 c6 2. d4 d5 3. e5 Bf5 4. Nc3 e6 5. g4 Bg6 6. Nge2 Be7 7. Ng3 c5 8. dxc5 Bxc5 9. f4 f6 10. f5 Bf7 11. fxe6 Bxe6 12. Bg2 Qd7 13. Nxd5 Na6 14. Be3 0-0-0 15. Bxc5 Nxc5 16. Ne3 fxe5 17. Qxd7+ Rxd7 18. 0-0 Nf6 19. g5 Ne8 20. Rae1 Nd6 21. Nef5 Nxf5 22. Nxf5 Bc4 23. Rxe5 Ne6 24. Rfe1 Nxg5 25. Rc5+ Rc7 26. Rxc4 Rxc4 27. Nd6+ 1-0

[Event "Oberliga Ost-A 9900"]
[Site "Germany"]
[Date "2000.01.30"]
[Round "7.2"]
[White "Becker, Michael"]
[Black "Stettler, Michael"]
[Result "1/2-1/2"]
[WhiteElo "2300"]
[BlackElo "2332"]
[PlyCount "41"]
[EventDate "1999.10.??"]
[EventType "team"]
[EventRounds "11"]
[EventCountry "GER"]
[SourceTitle "EXT 2002"]
[Source "ChessBase"]
[SourceDate "2001.11.25"]
[SourceVersion "1"]
[SourceVersionDate "2001.11.25"]
[SourceQuality "1"]

1. e4 c6 2. d4 d5 3. Nc3 dxe4 4. Nxe4 Nd7 5. Bc4 Ngf6 6. Nxf6+ Nxf6 7. c3 Qc7 8. Qf3 Bg4 9. Qg3 Qxg3 10. hxg3 e6 11. f3 Bf5 12. g4 Bg6 13. Ne2 Bd6 14. Bf4 Ke7 15. Bxd6+ Kxd6 16. Nf4 Nd5 17. Nxg6 hxg6 18. Kf2 g5 19. Bd3 Rad8 20. Rad1 Ke7 21. Be4 1/2-1/2

[Event "Oberliga Ost-A 9900"]
[Site "Germany"]
[Date "1999.11.06"]
[Round "2.2"]
[White "Stettler, Michael"]
[Black "Poenisch, Egmont"]
[Result "1-0"]
[WhiteElo "2332"]
[BlackElo "2162"]
[PlyCount "99"]
[EventDate "1999.10.??"]
[EventType "team"]
[EventRounds "11"]
[EventCountry "GER"]
[SourceTitle "EXT 2002"]
[Source "ChessBase"]
[SourceDate "2001.11.25"]
[SourceVersion "1"]
[SourceVersionDate "2001.11.25"]
[SourceQuality "1"]

1. d4 g6 2. c4 Bg7 3. Nc3 d6 4. e4 Nd7 5. Be2 e5 6. Nf3 Ngf6 7. 0-0 0-0 8. d5 h6 9. Qc2 Kh7 10. Be3 Ng8 11. Nd2 Ne7 12. b4 f5 13. f3 Nf6 14. c5 dxc5 15. bxc5 f4 16. Bf2 g5 17. Nc4 Ng6 18. Rab1 h5 19. Rfd1 g4 20. d6 c6 21. d7 Nxd7 22. fxg4 h4 23. Nd6 Qc7 24. g5 f3 25. Bxf3 Rxf3 26. gxf3 Ndf8 27. Qd2 Nf4 28. Bxh4 N8g6 29. Bg3 b5 30. Nf5 Qf7 31. Qe3 Bxf5 32. exf5 Qxf5 33. Ne4 Rf8 34. Rb3 Qh3 35. Rb2 Nh5 36. Rg2 Ngf4 37. Bxf4 exf4 38. Qd3 Kh8 39. Nf2 Qe6 40. Ne4 Qh3 41. Nf2 Qe6 42. Ng4 Qe7 43. Qg6 Qf7 44. Qxf7 Rxf7 45. Rd8+ Rf8 46. Rgd2 Kh7 47. Nf2 Rf5 48. Ne4 Bf8 49. R2d7+ Ng7 50. Nf6+ 1-0

[Event "BL2-Ost 9899"]
[Site "Germany"]
[Date "1999.04.18"]
[Round "9.2"]
[White "Lisanti, Andre"]
[Black "Stettler, Michael"]
[Result "0-1"]
[WhiteElo "2345"]
[BlackElo "2330"]
[PlyCount "114"]
[EventDate "1998.10.18"]
[EventType "team-tourn"]
[EventRounds "9"]
[EventCountry "GER"]
[SourceTitle "GER-chT2"]
[Source "ChessBase"]
[SourceDate "1999.07.01"]
[SourceVersion "1"]
[SourceVersionDate "1999.07.01"]
[SourceQuality "1"]
[WhiteTeam "Schott Mainz"]
[BlackTeam "Leipzig Lok"]
[WhiteTeamCountry "GER"]
[BlackTeamCountry "GER"]

1. d4 d5 2. c4 e6 3. Nc3 c5 4. cxd5 exd5 5. Nf3 Nc6 6. g3 Nf6 7. Bg2 Be7 8. 0-0 0-0 9. dxc5 Bxc5 10. Bg5 d4 11. Bxf6 Qxf6 12. Nd5 Qd8 13. Nd2 Re8 14. Rc1 Bb6 15. a3 Bg4 16. Ne4 Re5 17. Nf4 Qe7 18. Kh1 g5 19. Nd3 Rxe4 20. Bxe4 Qxe4+ 21. f3 Qd5 22. Rxc6 bxc6 23. Nb4 Qe6 24. fxg4 c5 25. Nd3 c4 26. Nc1 Qxg4 27. Qc2 Qe6 28. Qf5 Qxf5 29. Rxf5 h6 30. a4 Rc8 31. b4 Kg7 32. a5 Bd8 33. Rd5 Bf6 34. b5 Rd8 35. Rxd8 Bxd8 36. b6 Bxb6 37. axb6 axb6 38. Kg2 Kf6 39. e3 Ke5 40. Kf3 f5 41. h4 b5 42. hxg5 hxg5 43. Na2 d3 44. Kf2 g4 45. e4 fxe4 46. Ke3 b4 47. Nxb4 c3 48. Nc6+ Kd5 49. Ne7+ Ke6 50. Ng6 c2 51. Kd2 e3+ 52. Kc1 Kf5 53. Nf4 Ke4 54. Ng2 Kd4 55. Nf4 e2 56. Ng2 Kc3 57. Ne1 d2# 0-1

[Event "BL2-Ost 9899"]
[Site "Germany"]
[Date "1999.03.21"]
[Round "8.2"]
[White "Stettler, Michael"]
[Black "Espig, Lutz"]
[Result "1/2-1/2"]
[WhiteElo "2330"]
[BlackElo "2440"]
[PlyCount "75"]
[EventDate "1998.10.18"]
[EventType "team-tourn"]
[EventRounds "9"]
[EventCountry "GER"]
[SourceTitle "GER-chT2"]
[Source "ChessBase"]
[SourceDate "1999.07.01"]
[SourceVersion "1"]
[SourceVersionDate "1999.07.01"]
[SourceQuality "1"]
[WhiteTeam "Leipzig Lok"]
[BlackTeam "Plauen Koenig"]
[WhiteTeamCountry "GER"]
[BlackTeamCountry "GER"]

1. d4 f5 2. c4 Nf6 3. Nc3 g6 4. Nf3 Bg7 5. e3 0-0 6. Be2 d6 7. 0-0 Qe8 8. b3 e5 9. dxe5 dxe5 10. Ba3 Rf7 11. c5 Rd7 12. Bc4+ Kh8 13. Qc2 Nc6 14. Rad1 e4 15. Nd4 Nxd4 16. exd4 c6 17. Bb2 b5 18. cxb6 axb6 19. a4 Ba6 20. Bxa6 Rxa6 21. Na2 Rd6 22. Ba3 Re6 23. Nb4 Ra8 24. Bc1 Qd7 25. Be3 Bf8 26. Qd2 Bxb4 27. Qxb4 Nd5 28. Qd2 Qd6 29. g3 Rf8 30. Bh6 Rf7 31. Rfe1 f4 32. Bxf4 Nxf4 33. gxf4 Rxf4 34. d5 Rg4+ 35. Kf1 Rf6 36. dxc6 Qxc6 37. Qd8+ Kg7 38. Qd7+ 1/2-1/2

[Event "BL2-Ost 9899"]
[Site "Germany"]
[Date "1999.03.07"]
[Round "7.2"]
[White "Pribyl, Josef"]
[Black "Stettler, Michael"]
[Result "1-0"]
[WhiteElo "2430"]
[BlackElo "2330"]
[PlyCount "75"]
[EventDate "1998.10.18"]
[EventType "team-tourn"]
[EventRounds "9"]
[EventCountry "GER"]
[SourceTitle "GER-chT2"]
[Source "ChessBase"]
[SourceDate "1999.07.01"]
[SourceVersion "1"]
[SourceVersionDate "1999.07.01"]
[SourceQuality "1"]
[WhiteTeam "Bamberg"]
[BlackTeam "Leipzig Lok"]
[WhiteTeamCountry "GER"]
[BlackTeamCountry "GER"]

1. e4 c5 2. Nc3 e6 3. Nf3 a6 4. g3 b5 5. Bg2 Bb7 6. Qe2 Nc6 7. 0-0 d6 8. b3 Nf6 9. Bb2 Be7 10. Rad1 Nd4 11. Nxd4 cxd4 12. Nb1 Qb6 13. c3 dxc3 14. Nxc3 e5 15. d4 0-0 16. dxe5 dxe5 17. Nd5 Nxd5 18. exd5 Rfe8 19. Qxe5 Bf6 20. Bd4 Qa5 21. Qf5 Bxd4 22. Rxd4 Qxa2 23. Ra4 g6 24. Qd7 Rab8 25. Rf4 Rf8 26. Qc7 Qxb3 27. Rxf7 Rxf7 28. Qxb8+ Kg7 29. Qe5+ Kg8 30. h4 Qd3 31. Re1 Qc2 32. Qd4 Qf5 33. Re8+ Rf8 34. Re7 Rf7 35. d6 Bxg2 36. Re8+ Rf8 37. d7 Bc6 38. Rxf8+ 1-0